European Countries Currencies - Statistics

General Stats
  • This quiz has been taken 98 times
  • The average score is 36 of 44
Answer Stats
Country Currency % Correct
Vatican City Euro
100%
San Marino Euro
100%
Monaco Euro
100%
Andorra Euro
100%
Malta Euro
100%
Montenegro Euro
100%
Luxembourg Euro
100%
Estonia Euro
100%
Latvia Euro
100%
Slovenia Euro
100%
Lithuania Euro
100%
Croatia Euro
100%
Ireland Euro
100%
Finland Euro
100%
Slovakia Euro
100%
Austria Euro
100%
Portugal Euro
100%
Greece Euro
100%
Belgium Euro
100%
Netherlands Euro
100%
Spain Euro
100%
Italy Euro
100%
France Euro
100%
Germany Euro
100%
United Kingdom Pound sterling
88%
Belarus Belarusian ruble
82%
Russia Russian Ruble
82%
Switzerland Swiss Franc
82%
Denmark Krone
79%
Norway Norwegian Krone
79%
Poland Polish zloty
71%
Iceland Krona
68%
Sweden Krona
68%
Liechtenstein Swiss franc/CHF
57%
Bosnia and Herzegovina Convertible Mark
54%
Bulgaria Lev
54%
Czech Republic Czech koruna
50%
Serbia Serbian Dinar
50%
Albania Albanian Lek
47%
Moldova Moldovan Leu
47%
Romania Romanian leu
47%
Hungary Forint
43%
North Macedonia Macedonian Denar
34%
Ukraine Ukrainian hryvnia
29%
No matching quizzes found
Score Distribution
Percent of People with Each Score
Percentile by Number Answered
Your Score History
You have not taken this quiz